000 00459nam a2200169Ia 4500
999 _c23765
_d23765
003 OSt
005 20201224125542.0
008 190216s9999||||xx |||||||||||||| ||und||
040 _coclc
082 _a910
_bWAR/A
100 _aWarrier, P M
_97860
245 0 _aAfghanisthanil /
_cP M Warrier
260 _bCurrent Books,
_aThrissur:
_c1966.
300 _a110p
650 _aYathravivaranam
942 _cBK
_2ddc
_h910
_iWAR/A
_k910
_mWAR/A